[Event "ISL-chT2 2122"]
[Site "Reykjavik"]
[Date "2022.03.05"]
[Round "5.2"]
[White "Sigurdsson, Pall"]
[Black "Knutsson, Larus"]
[Result "1/2-1/2"]
[WhiteElo "1919"]
[BlackElo "2044"]
[PlyCount "143"]
[EventDate "2021.10.01"]
[EventType "team-tourn"]
[EventRounds "7"]
[EventCountry "ISL"]
[SourceTitle "EXT 2024"]
[Source "ChessBase"]
[SourceDate "2023.10.10"]
[SourceVersion "1"]
[SourceVersionDate "2023.10.10"]
[SourceQuality "1"]
[WhiteTeam "Gardabaer III"]
[BlackTeam "Vikingaklubburinn II"]
[WhiteTeamCountry "ISL"]
[BlackTeamCountry "ISL"]

1. e4 e5 2. Nf3 Nc6 3. Bc4 Nf6 4. d3 h6 5. c3 Be7 6. Nbd2 0-0 7. Nf1 d5 8. exd5 Nxd5 9. Ng3 Be6 10. 0-0 a6 11. Re1 Qd6 12. Qe2 Bg4 13. h3 Bxf3 14. Qxf3 Nb6 15. Nf5 Qf6 16. Bb3 Bd8 17. Qg4 Kh8 18. Qe4 Nd7 19. Be3 Qg6 20. Rad1 Rb8 21. Qf3 Bg5 22. Bd5 Bxe3 23. Rxe3 Nd8 24. d4 Qf6 25. Qe4 exd4 26. Nxd4 c6 27. Bc4 Nc5 28. Qg4 Nde6 29. Rf3 Qd8 30. Rg3 Qf6 31. b4 Nxd4 32. Rxd4 Na4 33. Rf4 Qg6 34. Qd1 Nb2 35. Qc1 Qd6 36. Rd4 Nxc4 37. Rxd6 Nxd6 38. Qf4 Rbd8 39. Rd3 Nb5 40. Rxd8 Rxd8 41. Qxf7 Nxc3 42. Kh2 Rd5 43. a3 Rb5 44. f4 Nd5 45. g4 a5 46. g5 hxg5 47. fxg5 axb4 48. axb4 Rxb4 49. g6 Rb2+ 50. Kg1 Nf6 51. Qf8+ Ng8 52. h4 Rb5 53. Kg2 Re5 54. Kg3 b5 55. Qc8 c5 56. Kf4 Rd5 57. Qa8 Rd4+ 58. Kg5 b4 59. h5 Rd3 60. h6 gxh6+ 61. Kf5 Rd7 62. Qc8 Rd5+ 63. Ke6 Rd3 64. Qxc5 Rf3 65. Qd4+ Rf6+ 66. Kd7 Kg7 67. Qxb4 Kxg6 68. Qg4+ Kh7 69. Ke8 Kh8 70. Qh4 Kg7 71. Kd7 Kf7 72. Qh5+ 1/2-1/2

[Event "ISL-chT2 2122"]
[Site "Reykjavik"]
[Date "2021.10.01"]
[Round "1.4"]
[White "Sigurdsson, Pall"]
[Black "Ptacnikova, Lenka"]
[Result "0-1"]
[WhiteElo "1919"]
[BlackElo "2135"]
[PlyCount "60"]
[EventDate "2021.10.01"]
[EventType "team-tourn"]
[EventRounds "7"]
[EventCountry "ISL"]
[SourceTitle "EXT 2024"]
[Source "ChessBase"]
[SourceDate "2023.10.10"]
[SourceVersion "1"]
[SourceVersionDate "2023.10.10"]
[SourceQuality "1"]
[WhiteTeam "Gardabaer III"]
[BlackTeam "Gardabaer II"]
[WhiteTeamCountry "ISL"]
[BlackTeamCountry "ISL"]

1. e4 c5 2. Nf3 e6 3. d4 cxd4 4. Nxd4 a6 5. Bd3 Nf6 6. 0-0 d6 7. Nc3 b5 8. a3 Bb7 9. Kh1 g6 10. Bg5 h6 11. Bh4 g5 12. Bg3 Nbd7 13. f4 gxf4 14. Bh4 Be7 15. Qe2 Qb6 16. Bf2 Qc7 17. Bh4 Rg8 18. Rad1 Rg4 19. Bxf6 Nxf6 20. Qf3 0-0-0 21. Rf2 Rdg8 22. Bf1 Kb8 23. Rd3 Qb6 24. Rfd2 Nxe4 25. Nxe4 f5 26. Qd1 fxe4 27. Rb3 e3 28. Nxb5 exd2 29. Qxd2 axb5 30. Rxb5 Rxg2 0-1

[Event "ISL-chT1 1920"]
[Site "Reykjavik"]
[Date "2021.05.15"]
[Round "8.2"]
[White "Sigurdsson, Pall"]
[Black "Thorfinnsson, Bjorn"]
[Result "0-1"]
[WhiteElo "1924"]
[BlackElo "2395"]
[PlyCount "120"]
[EventDate "2019.10.03"]
[EventType "team-tourn"]
[EventRounds "9"]
[EventCountry "ISL"]
[SourceTitle "EXT 2022"]
[Source "ChessBase"]
[SourceDate "2021.10.06"]
[SourceVersion "1"]
[SourceVersionDate "2021.10.06"]
[SourceQuality "1"]
[WhiteTeam "Taflfelag Gardjabaejar"]
[BlackTeam "Vikingaklubburinn"]
[WhiteTeamCountry "ISL"]
[BlackTeamCountry "ISL"]

1. e4 e5 2. Nf3 Nc6 3. Bc4 Nf6 4. d3 h6 5. c3 d6 6. Bb3 g6 7. a4 Bg7 8. Nbd2 0-0 9. Nf1 d5 10. Qe2 Be6 11. Bc2 Re8 12. Ng3 dxe4 13. dxe4 Na5 14. Nd2 c5 15. 0-0 h5 16. Rd1 Qe7 17. Nf3 Bc4 18. Qe1 Nb3 19. Ra3 Nxc1 20. Rxc1 Bh6 21. Rd1 Nh7 22. h3 Nf8 23. Raa1 Qf6 24. b3 Be6 25. Qe2 a6 26. c4 Bd7 27. Nf1 Bc6 28. Ne3 Ne6 29. Nd5 Qg7 30. g3 Rad8 31. Rd3 f5 32. Re1 Nd4 33. Nxd4 exd4 34. Rdd1 Bxd5 35. cxd5 f4 36. g4 f3 37. Qxf3 Rf8 38. Qg2 Qe5 39. Bd3 h4 40. Bc4 Rd6 41. Rd3 Rdf6 42. Re2 Kg7 43. Qh2 Qxh2+ 44. Kxh2 Rxf2+ 45. Rxf2 Rxf2+ 46. Kh1 Bf4 47. b4 cxb4 48. Rxd4 Bd6 49. Rd3 Kf6 50. Kg1 Rf4 51. Kg2 Ke5 52. Rf3 g5 53. Bd3 Kd4 54. Bb1 Rxf3 55. Kxf3 a5 56. Ke2 b5 57. axb5 a4 58. b6 b3 59. Kd1 a3 60. Kc1 Bf4+ 0-1

[Event "Gardabaer-ch"]
[Site "Gardabaer"]
[Date "2017.11.10"]
[Round "6"]
[White "Sigurdsson, Pall"]
[Black "Ulfljotsson, Jon"]
[Result "1-0"]
[WhiteElo "1978"]
[BlackElo "1723"]
[PlyCount "71"]
[EventDate "2017.10.13"]
[EventType "swiss"]
[EventRounds "7"]
[EventCountry "ISL"]
[SourceTitle "CBM 181 Extra"]
[Source "ChessBase"]
[SourceDate "2017.12.12"]
[SourceVersion "1"]
[SourceVersionDate "2017.12.12"]
[SourceQuality "1"]

1. e4 c5 2. Nf3 d6 3. d4 cxd4 4. Nxd4 Nf6 5. Nc3 a6 6. Be3 b5 7. f3 e6 8. Qd2 Bd7 9. 0-0-0 Be7 10. g4 h6 11. h4 b4 12. Nce2 a5 13. Kb1 Na6 14. Bg2 Rb8 15. g5 hxg5 16. hxg5 Nh5 17. f4 g6 18. f5 e5 19. fxg6 fxg6 20. Nf3 Be6 21. Ng3 a4 22. Nxh5 gxh5 23. Bh3 Bf7 24. Bf5 b3 25. cxb3 axb3 26. a3 Rg8 27. g6 Bxg6 28. Bxg6+ Rxg6 29. Rxh5 Qc7 30. Rh8+ Bf8 31. Rc1 Qb7 32. Ng5 Rf6 33. Qh2 Qg7 34. Rh7 Qg6 35. Qh3 Be7 36. Rc8+ 1-0

[Event "ISL-chT2 1617"]
[Site "Reykjavik"]
[Date "2016.10.02"]
[Round "4.4"]
[White "Magnusson, Audbergur"]
[Black "Sigurdsson, Pall"]
[Result "0-1"]
[WhiteElo "1682"]
[BlackElo "1931"]
[PlyCount "144"]
[EventDate "2016.09.30"]
[EventType "team-tourn"]
[EventRounds "7"]
[EventCountry "ISL"]
[SourceTitle "EXT 2018"]
[Source "ChessBase"]
[SourceDate "2017.10.13"]
[SourceVersion "1"]
[SourceVersionDate "2017.10.13"]
[SourceQuality "1"]
[WhiteTeam "Hauka"]
[BlackTeam "Gardabaer"]
[WhiteTeamCountry "ISL"]
[BlackTeamCountry "ISL"]

1. e4 c5 2. Nf3 Nc6 3. c3 d6 4. d4 cxd4 5. cxd4 d5 6. e5 e6 7. Bb5 Bd7 8. 0-0 Nge7 9. Nc3 Qb6 10. Rb1 Ng6 11. Bxc6 bxc6 12. Bg5 h6 13. Na4 Qb5 14. Be3 Be7 15. b3 0-0 16. Nd2 Rad8 17. f4 f5 18. Rc1 Ba3 19. Rc2 Ne7 20. Nb1 Bb4 21. Nc5 Nc8 22. Qc1 Bxc5 23. Rxc5 Qa6 24. Qd2 Nb6 25. Rfc1 Rb8 26. Ra5 Qb7 27. Rac5 Rfc8 28. Na3 Be8 29. Nc2 Nd7 30. Rc3 a5 31. Ne1 Qb5 32. Nd3 a4 33. b4 Nb6 34. a3 Nc4 35. Qf2 Rc7 36. Nc5 Bf7 37. Qh4 Ra8 38. Bf2 Nd2 39. Rg3 Kh7 40. Re3 Re8 41. g4 fxg4 42. Qxg4 g6 43. Qd1 Nc4 44. Rh3 Ra7 45. Qe1 Qb8 46. Bh4 Rg8 47. Bf6 h5 48. Qd1 Qe8 49. Qc2 Kh6 50. Qe2 Qf8 51. Rcc3 Kh7 52. Rh4 Qh6 53. Bg5 Qg7 54. Rch3 Re8 55. Kh1 Rc8 56. Nxe6 Bxe6 57. Rxh5+ gxh5 58. Qxh5+ Kg8 59. Rg3 Bf7 60. Qh4 Bg6 61. Qg4 Be4+ 62. Kg1 Rcc7 63. Qh5 Bg6 64. Qg4 Qd7 65. Qh4 Qf5 66. Bf6 Rh7 67. Qg5 Qxg5 68. Rxg5 Kf7 69. Rg3 Ra8 70. h4 Bf5 71. Rg5 Ke6 72. Kf2 Rd7 0-1

[Event "ISL-chT2 1516"]
[Site "Reykjavik"]
[Date "2015.09.26"]
[Round "4.4"]
[White "Sigurdsson, Pall"]
[Black "Ontiveros, John"]
[Result "1-0"]
[WhiteElo "1923"]
[BlackElo "1730"]
[PlyCount "53"]
[EventDate "2015.09.25"]
[EventType "team-tourn"]
[EventRounds "7"]
[EventCountry "ISL"]
[SourceTitle "EXT 2017"]
[Source "ChessBase"]
[SourceDate "2016.10.25"]
[SourceVersion "1"]
[SourceVersionDate "2016.10.25"]
[SourceQuality "1"]
[WhiteTeam "Gardabaer"]
[BlackTeam "Borgarnes"]
[WhiteTeamCountry "ISL"]
[BlackTeamCountry "ISL"]

1. e4 e5 2. Nf3 Nc6 3. Bc4 Be7 4. c3 Nf6 5. d3 d6 6. Bb3 0-0 7. Nbd2 Be6 8. Nf1 Nd7 9. Ne3 Bxb3 10. Qxb3 Nc5 11. Qc2 Ne6 12. Nd5 f5 13. exf5 Rxf5 14. Nxe7+ Qxe7 15. d4 Rxf3 16. gxf3 exd4 17. Qe4 dxc3 18. bxc3 Qf6 19. 0-0 Ne5 20. f4 Ng6 21. f5 Ng5 22. Qd5+ Kh8 23. fxg6 Nf3+ 24. Kh1 Rf8 25. Qh5 h6 26. Bxh6 Kg8 27. Bf4 1-0

[Event "ISL-chT2 1415"]
[Site "Reykjavik"]
[Date "2014.10.05"]
[Round "4"]
[White "Sigurdsson, Pall"]
[Black "Jonasson, Benedikt"]
[Result "0-1"]
[WhiteElo "1919"]
[BlackElo "2233"]
[PlyCount "120"]
[EventDate "2014.10.03"]
[EventType "team-tourn"]
[EventRounds "7"]
[EventCountry "ISL"]
[SourceTitle "EXT 2016"]
[Source "ChessBase"]
[SourceDate "2015.10.08"]
[SourceVersion "1"]
[SourceVersionDate "2015.10.08"]
[SourceQuality "1"]
[WhiteTeam "Gardabaer"]
[BlackTeam "Reykjavik TR II"]
[WhiteTeamCountry "ISL"]
[BlackTeamCountry "ISL"]

1. e4 c5 2. Nf3 e6 3. d4 cxd4 4. Nxd4 a6 5. Be2 Nf6 6. Nc3 d6 7. 0-0 Nbd7 8. a4 b6 9. Be3 Bb7 10. f3 Be7 11. Qd2 0-0 12. Rfd1 Rc8 13. Nb3 Qc7 14. Kh1 Rfd8 15. Qe1 Re8 16. Qf1 Ra8 17. Rac1 Qb8 18. Qf2 Bd8 19. Rd2 Bc7 20. Rcd1 Nc5 21. Nxc5 dxc5 22. g3 Be5 23. a5 bxa5 24. Bxc5 Qc8 25. Bd4 Qc7 26. Bxe5 Qxe5 27. Qd4 Qg5 28. Qb6 Bc8 29. Rd8 Bd7 30. Rxa8 Rxa8 31. Qb7 Rf8 32. Qxa6 h5 33. f4 Qc5 34. Qc4 Qb6 35. b3 Rc8 36. Qd3 Qc6 37. Na4 Nxe4 38. Kg1 Nf6 39. c4 Qb7 40. Bf3 Qc7 41. Nc3 Qb6+ 42. Qd4 Qxb3 43. Ne4 Qxf3 44. Nxf6+ gxf6 45. Qxd7 Rxc4 46. Qd3 Qxd3 47. Rxd3 Ra4 48. Kg2 Ra2+ 49. Kh3 Kg7 50. Rc3 a4 51. Rc5 f5 52. Ra5 a3 53. Ra7 Kg6 54. Ra5 Ra1 55. Ra6 a2 56. Ra5 f6 57. Ra6 Kf7 58. Kh4 e5 59. fxe5 fxe5 60. Kxh5 e4 0-1

[Event "ISL-chT2 1415"]
[Site "Reykjavik"]
[Date "2014.10.04"]
[Round "2"]
[White "Sigurdsson, Pall"]
[Black "Sigurdsson, Jakob Saevar"]
[Result "1-0"]
[WhiteElo "1919"]
[BlackElo "1829"]
[PlyCount "59"]
[EventDate "2014.10.03"]
[EventType "team-tourn"]
[EventRounds "7"]
[EventCountry "ISL"]
[SourceTitle "EXT 2016"]
[Source "ChessBase"]
[SourceDate "2015.10.08"]
[SourceVersion "1"]
[SourceVersionDate "2015.10.08"]
[SourceQuality "1"]
[WhiteTeam "Gardabaer"]
[BlackTeam "Huginn III"]
[WhiteTeamCountry "ISL"]
[BlackTeamCountry "ISL"]

1. e4 d5 2. exd5 Qxd5 3. d4 Nc6 4. Nf3 e5 5. c4 Qa5+ 6. Bd2 Bb4 7. d5 Bxd2+ 8. Qxd2 Qxd2+ 9. Nbxd2 Nb4 10. Kd1 f6 11. a3 Na6 12. b4 Nh6 13. h3 Ke7 14. c5 Rd8 15. Bc4 Nf7 16. Re1 Nb8 17. Kc2 Bf5+ 18. Kc3 Nd7 19. Rad1 Nf8 20. Nh4 Bd7 21. f4 g5 22. fxe5 gxh4 23. d6+ Ke8 24. exf6+ Ne6 25. Bxe6 Bxe6 26. Rxe6+ Kf8 27. Ne4 cxd6 28. Nxd6 Rd7 29. Rde1 Rad8 30. Re8+ 1-0

[Event "Reykjavik Skakmot Odlinga op"]
[Site "Reykjavik"]
[Date "2009.04.15"]
[Round "2"]
[White "Sigurdsson, Pall"]
[Black "Ragnarsson, Johann Hjortur"]
[Result "0-1"]
[WhiteElo "1894"]
[BlackElo "2108"]
[PlyCount "62"]
[EventDate "2009.04.08"]
[EventType "swiss"]
[EventRounds "7"]
[EventCountry "ISL"]
[SourceTitle "EXT 2010"]
[Source "ChessBase"]
[SourceDate "2010.11.25"]
[SourceVersion "1"]
[SourceVersionDate "2010.11.25"]
[SourceQuality "1"]

1. e4 c6 2. d4 d5 3. exd5 cxd5 4. Nf3 Bg4 5. c4 Nc6 6. Be3 e6 7. cxd5 Qxd5 8. Nc3 Bxf3 9. Nxd5 Bxd1 10. Nc7+ Kd7 11. Nxa8 Bh5 12. Bb5 Bb4+ 13. Bd2 Bxd2+ 14. Kxd2 Nge7 15. Nb6+ axb6 16. f3 Kd6 17. Bxc6 Nxc6 18. Kc3 Kd5 19. Rad1 Rc8 20. b3 Nxd4+ 21. Kb4 Rc2 22. g4 Bg6 23. h4 f6 24. h5 Be8 25. a4 e5 26. Rhe1 Rf2 27. Re3 Bc6 28. a5 bxa5+ 29. Kxa5 Kc5 30. Rc3+ Kd6 31. Kb6 Ra2 0-1